Normal view
MARC view
Entry Geographic Name
001 - CONTROL NUMBER
- control field: 797994
003 - CONTROL NUMBER IDENTIFIER
- control field:
005 - DATE AND TIME OF LATEST TRANSACTION
- control field: 20210627055421.0
008 - FIXED-LENGTH DATA ELEMENTS
- fixed length control field: 210627|| aca||aabn | a|a d
040 ## - CATALOGING SOURCE
- Original cataloging agency:
- Transcribing agency:
151 ## - HEADING--GEOGRAPHIC NAME
- Geographic name: Great Britain
- General subdivision: Economic policy
- General subdivision: Congresses
670 ## - SOURCE DATA FOUND
- Source citation: Work cat.: ()668073: Keynes Seminar (2nd : 1974 : University of Kent at Canterbury) 797991, Keynes and international monetary relations :, 1976
